MLB 5 WAR Seasons - Statistics

General Stats
  • This quiz has been taken 22 times
  • The average score is 386 of 565
Answer Stats
Hint Answer % Correct
2024, NYY Aaron Judge 11.3
100%
2022, NYY Aaron Judge 11.1
100%
2025, NYY Aaron Judge 10.1
100%
2017, NYY Aaron Judge 8.7
100%
2021, NYY Aaron Judge 5.5
100%
2003, STL Albert Pujols 9.5
100%
2008, STL Albert Pujols 8.7
100%
2009, STL Albert Pujols 8.4
100%
2006, STL Albert Pujols 8.1
100%
2004, STL Albert Pujols 7.8
100%
2005, STL Albert Pujols 7.7
100%
2007, STL Albert Pujols 7.7
100%
2001, STL Albert Pujols 7.2
100%
2010, STL Albert Pujols 6.8
100%
2002, STL Albert Pujols 5.4
100%
2002, TEX Alex Rodriguez 10.0
100%
2007, NYY Alex Rodriguez 9.6
100%
2000, SEA Alex Rodriguez 9.5
100%
2003, TEX Alex Rodriguez 9.2
100%
2005, NYY Alex Rodriguez 9.1
100%
2001, TEX Alex Rodriguez 7.8
100%
2004, NYY Alex Rodriguez 6.6
100%
2008, NYY Alex Rodriguez 5.8
100%
2012, MIL Aramis Ramirez 5.4
100%
2002, SFG Barry Bonds 12.7
100%
2001, SFG Barry Bonds 12.5
100%
2004, SFG Barry Bonds 11.9
100%
2003, SFG Barry Bonds 10.2
100%
2000, SFG Barry Bonds 7.6
100%
2024, KCR Bobby Witt Jr. 10.5
100%
2025, KCR Bobby Witt Jr. 8.0
100%
2023, KCR Bobby Witt Jr. 5.9
100%
2012, SFG Buster Posey 9.8
100%
2014, SFG Buster Posey 7.5
100%
2015, SFG Buster Posey 6.8
100%
2013, SFG Buster Posey 6.7
100%
2016, SFG Buster Posey 6.7
100%
2008, FLA Hanley Ramirez 7.4
100%
2009, FLA Hanley Ramirez 7.1
100%
2007, FLA Hanley Ramirez 5.2
100%
2017, HOU Jose Altuve 7.7
100%
2016, HOU Jose Altuve 7.2
100%
2022, HOU Jose Altuve 6.9
100%
2018, HOU Jose Altuve 5.8
100%
2021, HOU Jose Altuve 5.2
100%
2014, HOU Jose Altuve 5.2
100%
2019, HOU Jose Altuve 5.0
100%
2018, CLE José Ramírez 7.6
100%
2017, CLE José Ramírez 7.0
100%
2024, CLE José Ramírez 6.5
100%
2021, CLE José Ramírez 6.4
100%
2025, CLE José Ramírez 6.3
100%
2022, CLE José Ramírez 6.0
100%
2016, CLE José Ramírez 5.0
100%
2024, NYY Juan Soto 8.3
100%
2021, WSN Juan Soto 6.8
100%
2023, SDP Juan Soto 6.2
100%
2025, NYM Juan Soto 5.8
100%
2019, WSN Juan Soto 5.4
100%
2023, SEA Julio Rodríguez 5.8
100%
2022, SEA Julio Rodríguez 5.7
100%
2025, SEA Julio Rodríguez 5.7
100%
2008, 2 Tms Manny Ramirez 5.9
100%
2003, BOS Manny Ramirez 5.8
100%
2002, BOS Manny Ramirez 5.3
100%
2001, BOS Manny Ramirez 5.2
100%
2013, LAA Mike Trout 10.1
100%
2012, LAA Mike Trout 10.1
100%
2018, LAA Mike Trout 9.4
100%
2015, LAA Mike Trout 9.3
100%
2016, LAA Mike Trout 8.6
100%
2014, LAA Mike Trout 8.3
100%
2019, LAA Mike Trout 7.6
100%
2017, LAA Mike Trout 6.8
100%
2023, ATL Ronald Acuña Jr. 9.2
100%
2019, ATL Ronald Acuña Jr. 5.0
100%
2001, CHC Sammy Sosa 9.9
100%
2000, CHC Sammy Sosa 5.8
100%
2002, CHC Sammy Sosa 5.1
100%
2024, LAD Shohei Ohtani 8.9
100%
2025, LAD Shohei Ohtani 7.5
100%
2023, LAA Shohei Ohtani 6.6
100%
2021, LAA Shohei Ohtani 5.0
100%
2011, BOS Adrián González 6.1
94%
2009, SDP Adrián González 5.8
94%
2019, HOU Alex Bregman 8.3
94%
2018, HOU Alex Bregman 7.9
94%
2022, HOU Alex Bregman 5.4
94%
2013, PIT Andrew McCutchen 8.1
94%
2014, PIT Andrew McCutchen 7.4
94%
2012, PIT Andrew McCutchen 7.3
94%
2015, PIT Andrew McCutchen 6.0
94%
2011, PIT Andrew McCutchen 5.4
94%
2005, ATL Andruw Jones 7.9
94%
2000, ATL Andruw Jones 7.7
94%
2002, ATL Andruw Jones 6.3
94%
2006, ATL Andruw Jones 6.0
94%
2004, ATL Andruw Jones 5.3
94%
2003, ATL Andruw Jones 5.2
94%
2015, WSN Bryce Harper 9.3
94%
2021, PHI Bryce Harper 6.7
94%
2024, PHI Bryce Harper 5.1
94%
2010, COL Carlos González 5.7
94%
2008, ATL Chipper Jones 7.1
94%
2007, ATL Chipper Jones 6.9
94%
2001, ATL Chipper Jones 6.1
94%
2000, ATL Chipper Jones 6.0
94%
2002, ATL Chipper Jones 5.9
94%
2000, SEA Edgar Martinez 5.3
94%
2014, MIA Giancarlo Stanton 6.8
94%
2017, MIA Giancarlo Stanton 6.4
94%
2002, MIN Jacque Jones 5.0
94%
2009, MIN Joe Mauer 8.3
94%
2008, MIN Joe Mauer 6.5
94%
2006, MIN Joe Mauer 5.8
94%
2010, MIN Joe Mauer 5.7
94%
2013, MIN Joe Mauer 5.0
94%
2011, TOR José Bautista 8.1
94%
2010, TOR José Bautista 6.5
94%
2014, TOR José Bautista 6.2
94%
2015, TOR José Bautista 5.2
94%
2001, ARI Luis Gonzalez 8.9
94%
2002, ARI Luis Gonzalez 5.2
94%
2013, DET Miguel Cabrera 8.6
94%
2012, DET Miguel Cabrera 7.3
94%
2011, DET Miguel Cabrera 6.6
94%
2006, FLA Miguel Cabrera 6.3
94%
2010, DET Miguel Cabrera 6.0
94%
2016, DET Miguel Cabrera 5.3
94%
2014, DET Miguel Cabrera 5.2
94%
2005, FLA Miguel Cabrera 5.1
94%
2009, DET Miguel Cabrera 5.0
94%
2007, FLA Miguel Cabrera 5.0
94%
2018, BOS Mookie Betts 10.2
94%
2023, LAD Mookie Betts 7.6
94%
2016, BOS Mookie Betts 7.4
94%
2022, LAD Mookie Betts 6.0
94%
2019, BOS Mookie Betts 5.8
94%
2002, MON Vladimir Guerrero 7.1
94%
2000, MON Vladimir Guerrero 6.2
94%
2004, ANA Vladimir Guerrero 5.9
94%
2005, LAA Vladimir Guerrero 5.3
94%
2021, TOR Vladimir Guerrero Jr. 6.3
94%
2024, TOR Vladimir Guerrero Jr. 5.3
94%
2004, LAD Adrian Beltré 9.7
88%
2010, BOS Adrian Beltré 6.4
88%
2012, TEX Adrian Beltré 6.3
88%
2014, TEX Adrian Beltré 5.9
88%
2011, TEX Adrian Beltré 5.5
88%
2016, TEX Adrian Beltré 5.2
88%
2025, SEA Cal Raleigh 9.1
88%
2024, SEA Cal Raleigh 5.4
88%
2013, BAL Chris Davis 7.0
88%
2015, BAL Chris Davis 5.4
88%
2018, MIL Christian Yelich 7.7
88%
2019, MIL Christian Yelich 6.6
88%
2016, MIA Christian Yelich 5.3
88%
2007, BOS David Ortiz 6.3
88%
2006, BOS David Ortiz 5.3
88%
2005, BOS David Ortiz 5.3
88%
2007, NYM David Wright 8.4
88%
2008, NYM David Wright 7.0
88%
2012, NYM David Wright 6.6
88%
2005, NYM David Wright 5.8
88%
2023, LAD Freddie Freeman 7.7
88%
2022, LAD Freddie Freeman 6.8
88%
2016, ATL Freddie Freeman 6.4
88%
2013, ATL Freddie Freeman 5.0
88%
2001, OAK Jason Giambi 9.2
88%
2000, OAK Jason Giambi 7.7
88%
2002, NYY Jason Giambi 6.6
88%
2003, NYY Jason Giambi 5.0
88%
2015, CIN Joey Votto 7.3
88%
2010, CIN Joey Votto 6.9
88%
2011, CIN Joey Votto 6.4
88%
2017, CIN Joey Votto 6.2
88%
2013, CIN Joey Votto 5.7
88%
2016, CIN Joey Votto 5.0
88%
2018, 2 Tms Manny Machado 7.2
88%
2022, SDP Manny Machado 7.1
88%
2015, BAL Manny Machado 6.6
88%
2016, BAL Manny Machado 5.7
88%
2013, BAL Manny Machado 5.0
88%
2022, STL Nolan Arenado 7.2
88%
2019, COL Nolan Arenado 6.1
88%
2016, COL Nolan Arenado 6.0
88%
2018, COL Nolan Arenado 6.0
88%
2017, COL Nolan Arenado 5.8
88%
2015, ARI Paul Goldschmidt 7.2
88%
2022, STL Paul Goldschmidt 6.8
88%
2013, ARI Paul Goldschmidt 6.0
88%
2017, ARI Paul Goldschmidt 5.3
88%
2025, ARI Corbin Carroll 6.5
82%
2023, ARI Corbin Carroll 5.3
82%
2009, NYY Derek Jeter 6.7
82%
2006, NYY Derek Jeter 6.1
82%
2002, NYY Derek Jeter 5.2
82%
2011, BOS Dustin Pedroia 7.9
82%
2008, BOS Dustin Pedroia 6.3
82%
2021, SDP Fernando Tatis Jr. 6.8
82%
2025, SDP Fernando Tatis Jr. 6.1
82%
2018, CLE Francisco Lindor 7.8
82%
2024, NYM Francisco Lindor 7.7
82%
2022, NYM Francisco Lindor 6.4
82%
2025, NYM Francisco Lindor 6.3
82%
2019, CLE Francisco Lindor 6.1
82%
2017, CLE Francisco Lindor 5.8
82%
2023, NYM Francisco Lindor 5.5
82%
2016, CLE Francisco Lindor 5.2
82%
2024, BAL Gunnar Henderson 7.9
82%
2004, SEA Ichiro Suzuki 7.1
82%
2007, SEA Ichiro Suzuki 6.1
82%
2001, SEA Ichiro Suzuki 6.0
82%
2003, SEA Ichiro Suzuki 5.7
82%
2006, SEA Ichiro Suzuki 5.6
82%
2009, SEA Ichiro Suzuki 5.5
82%
2018, BOS J.D. Martinez 5.9
82%
2015, DET J.D. Martinez 5.2
82%
2015, TOR Josh Donaldson 8.7
82%
2013, OAK Josh Donaldson 7.2
82%
2016, TOR Josh Donaldson 6.8
82%
2014, OAK Josh Donaldson 5.7
82%
2019, ATL Josh Donaldson 5.2
82%
2017, LAD Justin Turner 5.6
82%
2016, CHC Kris Bryant 7.5
82%
2017, CHC Kris Bryant 7.0
82%
2015, CHC Kris Bryant 6.1
82%
2001, COL Larry Walker 7.6
82%
2002, COL Larry Walker 5.4
82%
2008, LAD Russell Martin 7.3
82%
2007, LAD Russell Martin 5.5
82%
2013, PIT Russell Martin 5.0
82%
2011, MIL Ryan Braun 7.1
82%
2012, MIL Ryan Braun 6.8
82%
2009, MIL Ryan Braun 5.0
82%
2004, STL Scott Rolen 9.0
82%
2002, 2 Tms Scott Rolen 6.5
82%
2003, STL Scott Rolen 6.2
82%
2001, PHI Scott Rolen 5.6
82%
2006, STL Scott Rolen 5.5
82%
2021, 2 Tms Trea Turner 7.1
82%
2025, PHI Trea Turner 6.7
82%
2022, LAD Trea Turner 6.4
82%
2018, WSN Trea Turner 5.1
82%
2007, CLE Victor Martinez 5.4
82%
2011, KCR Alex Gordon 6.6
76%
2014, KCR Alex Gordon 5.4
76%
2012, KCR Alex Gordon 5.0
76%
2019, WSN Anthony Rendon 6.8
76%
2014, WSN Anthony Rendon 6.4
76%
2017, WSN Anthony Rendon 5.9
76%
2018, WSN Anthony Rendon 5.5
76%
2021, SFG Brandon Crawford 6.2
76%
2010, TBR Carl Crawford 7.7
76%
2009, TBR Carl Crawford 5.9
76%
2004, TBD Carl Crawford 5.1
76%
2006, NYM Carlos Beltrán 7.8
76%
2008, NYM Carlos Beltrán 7.2
76%
2003, KCR Carlos Beltrán 6.9
76%
2004, 2 Tms Carlos Beltrán 6.4
76%
2002, KCR Carlos Beltrán 5.4
76%
2001, KCR Carlos Beltrán 5.4
76%
2007, NYM Carlos Beltrán 5.1
76%
2008, PHI Chase Utley 8.2
76%
2009, PHI Chase Utley 8.2
76%
2007, PHI Chase Utley 7.7
76%
2006, PHI Chase Utley 7.2
76%
2005, PHI Chase Utley 7.2
76%
2010, PHI Chase Utley 5.3
76%
2024, CIN Elly De La Cruz 6.6
76%
2010, TBR Evan Longoria 7.5
76%
2009, TBR Evan Longoria 7.2
76%
2011, TBR Evan Longoria 6.3
76%
2008, TBR Evan Longoria 5.6
76%
2013, TBR Evan Longoria 5.5
76%
2010, TEX Josh Hamilton 8.4
76%
2010, ARI Kelly Johnson 5.3
76%
2000, CIN Ken Griffey Jr. 5.4
76%
2008, 2 Tms Mark Teixeira 6.9
76%
2005, TEX Mark Teixeira 5.9
76%
2009, NYY Mark Teixeira 5.2
76%
2006, PHI Ryan Howard 5.9
76%
2000, COL Todd Helton 8.3
76%
2001, COL Todd Helton 7.1
76%
2004, COL Todd Helton 7.0
76%
2003, COL Todd Helton 6.6
76%
2002, COL Todd Helton 5.5
76%
2009, TBR Ben Zobrist 8.7
71%
2011, TBR Ben Zobrist 6.4
71%
2012, TBR Ben Zobrist 5.7
71%
2000, PHI Bobby Abreu 6.9
71%
2004, PHI Bobby Abreu 5.7
71%
2003, PHI Bobby Abreu 5.6
71%
2001, PHI Bobby Abreu 5.3
71%
2002, PHI Bobby Abreu 5.2
71%
2000, TOR Carlos Delgado 7.4
71%
2003, TOR Carlos Delgado 5.3
71%
2007, TBD Carlos Pena 5.9
71%
2019, LAD Cody Bellinger 7.8
71%
2023, TEX Corey Seager 6.4
71%
2016, LAD Corey Seager 5.2
71%
2017, LAD Corey Seager 5.0
71%
2003, ANA Garret Anderson 5.1
71%
2003, ATL Gary Sheffield 7.3
71%
2000, LAD Gary Sheffield 6.6
71%
2025, ARI Geraldo Perdomo 7.1
71%
2025, HOU Jeremy Peña 5.7
71%
2004, STL Jim Edmonds 8.3
71%
2002, STL Jim Edmonds 6.7
71%
2000, STL Jim Edmonds 6.5
71%
2003, STL Jim Edmonds 6.3
71%
2001, STL Jim Edmonds 6.2
71%
2005, STL Jim Edmonds 6.1
71%
2014, CHW José Abreu 5.3
71%
2016, SEA Kyle Seager 5.9
71%
2014, SEA Kyle Seager 5.2
71%
2025, KCR Maikel Garcia 5.6
71%
2007, COL Matt Holliday 6.9
71%
2010, STL Matt Holliday 6.2
71%
2008, COL Matt Holliday 5.9
71%
2009, 2 Tms Matt Holliday 5.4
71%
2023, ATL Matt Olson 6.6
71%
2021, OAK Matt Olson 5.0
71%
2015, SEA Nelson Cruz 5.0
71%
2012, NYY Robinson Canó 7.3
71%
2016, SEA Robinson Canó 6.4
71%
2010, NYY Robinson Canó 6.4
71%
2013, NYY Robinson Canó 5.9
71%
2014, SEA Robinson Canó 5.6
71%
2011, NYY Robinson Canó 5.1
71%
2019, BOS Xander Bogaerts 6.0
71%
2022, BOS Xander Bogaerts 6.0
71%
2012, STL Yadier Molina 7.5
71%
2013, STL Yadier Molina 7.2
71%
2011, STL Yadier Molina 5.4
71%
2008, ATL Brian McCann 8.3
65%
2011, ATL Brian McCann 6.5
65%
2009, ATL Brian McCann 6.0
65%
2010, ATL Brian McCann 6.0
65%
2021, HOU Carlos Correa 6.3
65%
2019, HOU George Springer 6.1
65%
2025, TOR George Springer 5.2
65%
2011, TEX Ian Kinsler 7.3
65%
2016, DET Ian Kinsler 5.4
65%
2000, HOU Jeff Bagwell 5.9
65%
2001, HOU Jeff Bagwell 5.2
65%
2000, SFG Jeff Kent 7.4
65%
2002, SFG Jeff Kent 6.7
65%
2007, PHI Jimmy Rollins 6.5
65%
2004, PHI Jimmy Rollins 5.0
65%
2008, PHI Jimmy Rollins 5.0
65%
2002, CLE Jim Thome 7.3
65%
2001, CLE Jim Thome 5.4
65%
2008, NYM José Reyes 5.9
65%
2011, NYM José Reyes 5.8
65%
2006, NYM José Reyes 5.7
65%
2007, NYM José Reyes 5.6
65%
2019, ARI Ketel Marte 6.3
65%
2024, ARI Ketel Marte 6.3
65%
2008, HOU Lance Berkman 7.7
65%
2001, HOU Lance Berkman 6.8
65%
2004, HOU Lance Berkman 6.2
65%
2006, HOU Lance Berkman 6.1
65%
2002, HOU Lance Berkman 6.1
65%
2003, HOU Lance Berkman 6.0
65%
2019, OAK Marcus Semien 6.5
65%
2023, TEX Marcus Semien 6.5
65%
2021, TOR Marcus Semien 6.0
65%
2013, STL Matt Carpenter 7.2
65%
2015, STL Matt Carpenter 5.3
65%
2018, OAK Matt Chapman 6.4
65%
2024, SFG Matt Chapman 5.4
65%
2019, OAK Matt Chapman 5.4
65%
2011, LAD Matt Kemp 8.3
65%
2004, BAL Miguel Tejada 6.0
65%
2009, MIL Prince Fielder 5.9
65%
2012, DET Prince Fielder 5.0
65%
2010, WSN Ryan Zimmerman 6.6
65%
2009, WSN Ryan Zimmerman 6.6
65%
2021, 2 Tms Starling Marte 5.2
65%
2000, ANA Troy Glaus 8.2
65%
2001, ANA Troy Glaus 5.3
65%
2022, HOU Yordan Alvarez 6.4
65%
2024, HOU Yordan Alvarez 5.2
65%
2022, ATL Austin Riley 5.9
59%
2023, ATL Austin Riley 5.2
59%
2021, ATL Austin Riley 5.1
59%
2010, NYY Brett Gardner 6.1
59%
2011, NYY Brett Gardner 5.0
59%
2004, CHW Carlos Lee 5.5
59%
2007, DET Curtis Granderson 7.9
59%
2011, NYY Curtis Granderson 6.9
59%
2015, NYM Curtis Granderson 5.3
59%
2005, CHC Derrek Lee 7.0
59%
2009, CHC Derrek Lee 5.2
59%
2000, CHW Frank Thomas 5.9
59%
2011, BOS Jacoby Ellsbury 9.5
59%
2024, BOS Jarren Duran 6.8
59%
2018, CHC Javier Báez 5.8
59%
2019, CHC Javier Báez 5.6
59%
2000, NYY Jorge Posada 6.1
59%
2003, NYY Jorge Posada 6.0
59%
2007, NYY Jorge Posada 5.6
59%
2007, DET Magglio Ordonez 8.0
59%
2017, MIA Marcell Ozuna 5.6
59%
2000, NYM Mike Piazza 5.8
59%
2000, BOS Nomar Garciaparra 7.6
59%
2003, BOS Nomar Garciaparra 5.8
59%
2019, BOS Rafael Devers 6.5
59%
2022, BOS Rafael Devers 5.0
59%
2019, COL Trevor Story 6.0
59%
2004, CIN Adam Dunn 5.3
53%
2007, CHC Alfonso Soriano 6.7
53%
2002, NYY Alfonso Soriano 5.6
53%
2006, WSN Alfonso Soriano 5.4
53%
2003, NYY Alfonso Soriano 5.1
53%
2014, CHC Anthony Rizzo 5.3
53%
2015, CHC Anthony Rizzo 5.2
53%
2012, DET Austin Jackson 5.1
53%
2021, PIT Bryan Reynolds 6.3
53%
2017, COL Charlie Blackmon 5.5
53%
2015, STL Jason Heyward 5.6
53%
2012, ATL Jason Heyward 5.3
53%
2022, PHI J.T. Realmuto 6.7
53%
2019, PHI J.T. Realmuto 5.9
53%
2001, LAD Shawn Green 6.7
53%
2023, BAL Adley Rutschman 5.5
47%
2001, SEA Bret Boone 7.8
47%
2003, SEA Bret Boone 7.4
47%
2005, BAL Brian Roberts 6.8
47%
2025, MIN Byron Buxton 5.0
47%
2003, STL Edgar Renteria 6.3
47%
2006, CLE Grady Sizemore 7.9
47%
2008, CLE Grady Sizemore 7.4
47%
2007, CLE Grady Sizemore 6.4
47%
2005, CLE Grady Sizemore 5.6
47%
2005, PIT Jason Bay 5.7
47%
2006, PIT Jason Bay 5.2
47%
2014, WSN Jayson Werth 5.3
47%
2010, PHI Jayson Werth 5.1
47%
2022, NYM Jeff McNeil 5.5
47%
2015, KCR Lorenzo Cain 6.1
47%
2018, MIL Lorenzo Cain 6.0
47%
2010, COL Troy Tulowitzki 5.5
47%
2011, COL Troy Tulowitzki 5.4
47%
2009, COL Troy Tulowitzki 5.3
47%
2007, COL Troy Tulowitzki 5.2
47%
2015, 2 Tms Yoenis Cespedes 5.8
47%
2012, ARI Aaron Hill 5.0
41%
2006, MIL Bill Hall 5.1
41%
2011, CIN Brandon Phillips 5.4
41%
2022, ATL Dansby Swanson 6.6
41%
2000, ANA Darin Erstad 8.7
41%
2019, NYY DJ LeMahieu 5.7
41%
2016, COL DJ LeMahieu 5.0
41%
2024, SDP Jackson Merrill 5.3
41%
2010, CIN Jay Bruce 5.1
41%
2021, KCR Nicky Lopez 5.5
41%
2009, SFG Pablo Sandoval 5.2
41%
2001, CLE Roberto Alomar 6.6
41%
2000, CLE Roberto Alomar 5.0
41%
2006, CLE Travis Hafner 6.0
41%
2005, CLE Travis Hafner 5.3
41%
2006, TOR Vernon Wells 5.8
41%
2023, TBR Yandy Díaz 5.0
41%
2010, SFG Aubrey Huff 5.7
35%
2011, ARI Justin Upton 6.3
35%
2008, BOS Kevin Youkilis 6.2
35%
2009, BOS Kevin Youkilis 5.9
35%
2022, OAK Sean Murphy 5.2
35%
2011, PHI Shane Victorino 5.6
35%
2023, MIL William Contreras 5.8
35%
2024, MIL William Contreras 5.5
35%
2014, LAD Yasiel Puig 5.5
35%
2022, CLE Andrés Giménez 6.1
29%
2016, MIN Brian Dozier 6.6
29%
2017, MIN Brian Dozier 6.0
29%
2002, PIT Brian Giles 6.9
29%
2000, PIT Brian Giles 6.3
29%
2005, SDP Brian Giles 5.9
29%
2001, PIT Brian Giles 5.5
29%
2004, SDP Brian Giles 5.0
29%
2012, SDP Chase Headley 7.2
29%
2009, LAA Chone Figgins 6.6
29%
2002, OAK Eric Chavez 5.7
29%
2001, OAK Eric Chavez 5.5
29%
2004, OAK Eric Chavez 5.3
29%
2005, OAK Eric Chavez 5.2
29%
2016, BOS Jackie Bradley Jr. 5.6
29%
2013, CLE Jason Kipnis 5.1
29%
2016, ARI Jean Segura 6.1
29%
2003, ATL Marcus Giles 6.7
29%
2005, ATL Marcus Giles 5.2
29%
2014, CLE Michael Brantley 6.5
29%
2008, BAL Nick Markakis 6.1
29%
2025, CHC Pete Crow-Armstrong 5.4
29%
2005, 2 Tms Placido Polanco 5.4
29%
2007, DET Placido Polanco 5.3
29%
2022, STL Tommy Edman 5.4
29%
2019, CHW Yoán Moncada 5.2
29%
2010, SFG Andres Torres 6.3
24%
2022, NYM Brandon Nimmo 5.5
24%
2018, NYM Brandon Nimmo 5.1
24%
2024, OAK Brent Rooker 5.1
24%
2021, BAL Cedric Mullins 6.0
24%
2000, 2 Tms David Justice 5.2
24%
2014, MIL Jonathan Lucroy 7.4
24%
2013, MIL Jonathan Lucroy 6.6
24%
2004, CHC Moises Alou 5.9
24%
2000, HOU Richard Hidalgo 7.3
24%
2003, HOU Richard Hidalgo 6.0
24%
2001, SFG Rich Aurilia 7.1
24%
2013, CIN Shin-Soo Choo 6.4
24%
2010, CLE Shin-Soo Choo 6.0
24%
2009, CLE Shin-Soo Choo 5.1
24%
2021, STL Tyler O'Neill 5.3
24%
2016, CHW Adam Eaton 6.2
18%
2011, DET Alex Avila 5.0
18%
2013, MIL Carlos Gómez 6.7
18%
2014, MIL Carlos Gómez 5.7
18%
2005, CLE Coco Crisp 5.2
18%
2011, LAA Howie Kendrick 5.4
18%
2004, ATL J.D. Drew 8.6
18%
2004, BAL Melvin Mora 6.2
18%
2002, SEA Mike Cameron 5.5
18%
2001, SEA Mike Cameron 5.5
18%
2003, SEA Mike Cameron 5.3
18%
2018, SEA Mitch Haniger 5.0
18%
2008, SFG Randy Winn 5.1
18%
2005, 2 Tms Randy Winn 5.1
18%
2010, MIL Rickie Weeks Jr. 6.0
18%
2017, STL Tommy Pham 5.8
18%
2003, BOS Trot Nixon 5.0
18%
2019, MIL Yasmani Grandal 5.7
18%
2018, LAD Yasmani Grandal 5.3
18%
2004, CHW Aaron Rowand 5.8
12%
2007, PHI Aaron Rowand 5.4
12%
2015, ARI AJ Pollock 6.8
12%
2008, TOR Alex Rios 5.5
12%
2007, TOR Alex Rios 5.2
12%
2001, FLA Cliff Floyd 6.5
12%
2006, COL Garrett Atkins 5.4
12%
2018, OAK Jed Lowrie 5.1
12%
2004, SDP Mark Loretta 5.8
12%
2011, BAL Matt Wieters 5.0
12%
2008, STL Ryan Ludwick 5.3
12%
2018, KCR Whit Merrifield 5.0
12%
2004, MON Brad Wilkerson 5.0
6%
2006, DET Carlos Guillén 5.8
6%
2004, DET Carlos Guillén 5.4
6%
2001, MIN Corey Koskie 5.8
6%
2002, MIN Corey Koskie 5.0
6%
2004, CHC Corey Patterson 5.0
6%
2010, OAK Daric Barton 5.0
6%
2000, NYM Edgardo Alfonzo 6.4
6%
2002, NYM Edgardo Alfonzo 5.3
6%
2015, PIT Francisco Cervelli 5.9
6%
2011, ARI Miguel Montero 5.9
6%
2012, ARI Miguel Montero 5.4
6%
2005, HOU Morgan Ensberg 6.1
6%
2001, LAD Paul Lo Duca 5.1
6%
2001, SDP Phil Nevin 5.6
6%
2009, SEA Franklin Gutierrez 6.1
0%
2009, TBR Jason Bartlett 5.3
0%
2012, ATL Michael Bourn 5.3
0%
No matching quizzes found
Score Distribution
Percent of People with Each Score
Percentile by Number Answered
Your Score History
You have not taken this quiz